Psicopatología de la sexualidad / (Record no. 71898)

MARC details
000 -LEADER
campo de control de longitud fija 00583nam a2200205 i 4500
001 - NÚMERO DE CONTROL
campo de control 71898
003 - IDENTIFICADOR DE NÚMERO DE CONTROL
campo de control ES-MaACL
005 - FECHA Y HORA DE LA ÚLTIMA TRANSACCIÓN
campo de control 20230906171250.0
007 - CAMPO FIJO DE DESCRIPCIÓN FÍSICA--INFORMACIÓN GENERAL
campo de control de longitud fija t|
008 - DATOS DE LONGITUD FIJA--INFORMACIÓN GENERAL
campo de control de longitud fija 040820s1964 sp ||||1| spa d
100 1# - ENTRADA PRINCIPAL--NOMBRE DE PERSONA
Nombre de persona Giese, Hans.
9 (RLIN) 56692
245 10 - MENCIÓN DEL TÍTULO
Título Psicopatología de la sexualidad /
Mención de responsabilidad, etc. Giese y Gebsattel.
250 ## - MENCION DE EDICION
Mención de edición 1ª ed.
260 ## - PUBLICACIÓN, DISTRIBUCIÓN, ETC.
Lugar de publicación, distribución, etc. Madrid :
Nombre del editor, distribuidor, etc. Morata,
Fecha de publicación, distribución, etc. [1964]
300 ## - DESCRIPCIÓN FÍSICA
Extensión 579 p. ;
Dimensiones 25 cm.
650 #4 - PUNTO DE ACCESO ADICIONAL DE MATERIA--TÉRMINO DE MATERIA
Término de materia o nombre geográfico como elemento de entrada Sexualidad.
9 (RLIN) 17078
650 #4 - PUNTO DE ACCESO ADICIONAL DE MATERIA--TÉRMINO DE MATERIA
Término de materia o nombre geográfico como elemento de entrada Psicopatología.
9 (RLIN) 16577
700 1# - ENTRADA AGREGADA--NOMBRE PERSONAL
Nombre de persona Gebsattel, Viktor Emil
Títulos y otros términos asociados al nombre Freiherr von.
9 (RLIN) 143597
852 ## - LOCALIZACIÓN
Ubicación ES-MaACL
Número de control de estantería C-24766
Sublocalización o colección R.53426
Holdings
Estatus retirado Estado de pérdida Estado de daño No para préstamo Biblioteca de origen Biblioteca actual Ubicación en estantería Fecha de adquisición Fuente de adquisición Total de préstamos Signatura topográfica completa Código de barras Visto por última vez Precio de reemplazo Tipo de ítem Koha
        Biblioteca del Ateneo de Madrid Biblioteca del Ateneo de Madrid Depósito 2 17/01/2008     C-24766 1075266 23/02/2023 23/02/2023 Libro impreso